000
00313nam a2200145Ia 4500
003
OSt
008
191201s1998 xx 000 0 und d
082
_a
302.2
_b
JAP
100
_a
JAMES, Judi
245
0
_a
People Talk
260
_a
New Delhi
_b
Excel Books
_c
1998
300
_a
78
650
_a
MBA
942
_2
ddc
_c
BK
999
_c
2712
_d
2712